Pytania testowe na obywatelstwo USA - Statystyki

Ogólne statystyki
  • Ten quiz został rozwiązany 18 razy
  • Średni wynik to 6 z 24
Statystyki odpowiedzi
Pytanie Odpowiedź % Poprawnych
Jakie miasto jest stolicą Stanów Zjednoczonych? Waszyngton
100%
Jakie terytorium Stany Zjednoczone kupiły od Francji w 1803 roku? Terytorium Luizjany
44%
Część Kongresu Stanów Zjednoczonych Senat
38%
Wolność gwarantowana przez Pierwszą Poprawkę Słowa
38%
Jakie są pierwsze trzy słowa Konstytucji (po angielsku)? We The People
38%
Oddział rządu USA Sądownicza
31%
Oddział rządu USA Ustawodawcza
31%
Główna partia polityczna Demokratyczna
25%
Część Kongresu Stanów Zjednoczonych Izba Reprezentantów
25%
Wolność gwarantowana przez Pierwszą Poprawkę Religia
25%
Główna partia polityczna Republikańska
25%
Kto był prezydentem podczas I wojny światowej? Woodrow Wilson
25%
Oddział rządu USA Wykonawcza
25%
Kto napisał Deklarację Niepodległości? Thomas Jefferson
19%
Autor artykułu Federalist Paper Alexander Hamilton
13%
Jak nazywa się hymn narodowy? Gwiaździsty sztandar
13%
Autor artykułu Federalist Paper James Madison
13%
Jeżeli zarówno prezydent, jak i wiceprezydent nie mogą już pełnić swojej funkcji, kto zostanie prezydentem? Spiker Izby Reprezentantów
13%
Wolność gwarantowana przez Pierwszą Poprawkę Wyznania
13%
Autor artykułu Federalist Paper John Jay
6%
Jak nazwiemy pierwsze dziesięć poprawek do Konstytucji? Karta praw
6%
Wolność gwarantowana przez Pierwszą Poprawkę Prasy
6%
Na co muszą się zarejestrować wszyscy mężczyźni w wieku 18 lat? Selektywna służba
6%
Wolność gwarantowana przez Pierwszą Poprawkę Zgromadzeń
6%
Nie znaleziono quizów pasujących do podanych kryteriów
Rozkład punktacji
Procent ludzi z każdym wynikiem
Percentyl według liczby udzielonych odpowiedzi
Twoja historia wyników
Nie rozwiązałeś tego quizu